[Event "Valencia Imdenagua CC op"]
[Site "Valencia"]
[Date "2020.01.25"]
[Round "1"]
[White "Sanchez Cano, Eagle"]
[Black "Navarrete, Junior"]
[Result "1-0"]
[WhiteElo "1962"]
[BlackElo "1328"]
[PlyCount "53"]
[EventDate "2020.01.25"]
[EventType "swiss"]
[EventRounds "6"]
[EventCountry "VEN"]
[SourceTitle "EXT 2021"]
[Source "ChessBase"]
[SourceDate "2020.10.23"]
[SourceVersion "1"]
[SourceVersionDate "2020.10.23"]
[SourceQuality "1"]

1. d4 d5 2. Nf3 Nf6 3. c4 c6 4. Nc3 e6 5. Bg5 dxc4 6. a4 Bb4 7. e4 Qa5 8. Bd2 c5 9. Bxc4 cxd4 10. Nxd4 0-0 11. Qe2 Nbd7 12. 0-0 Nc5 13. Nc2 Bxc3 14. Bxc3 Qd8 15. Rfd1 Qe7 16. b4 Ncxe4 17. Be5 h6 18. f3 Ng5 19. Bd6 Qe8 20. h4 Ngh7 21. Qe5 Bd7 22. Bb3 Bc6 23. Ne3 Bd5 24. Ba2 Bxa2 25. Rxa2 Nd5 26. Bxf8 Nxe3 27. Qxg7# 1-0

[Event "Valencia Acadar U2200 1st"]
[Site "Valencia"]
[Date "2019.04.06"]
[Round "1.5"]
[White "Gauna Rojas, Jose Gregorio"]
[Black "Navarrete, Junior"]
[Result "1-0"]
[WhiteElo "2019"]
[BlackElo "1327"]
[PlyCount "63"]
[EventDate "2019.04.06"]
[EventType "swiss"]
[EventRounds "7"]
[EventCountry "VEN"]
[SourceTitle "EXT 2022"]
[Source "ChessBase"]
[SourceDate "2021.10.06"]
[SourceVersion "1"]
[SourceVersionDate "2021.10.06"]
[SourceQuality "1"]

1. e4 e5 2. Nf3 Nc6 3. d4 exd4 4. Bc4 Nf6 5. e5 d5 6. exf6 dxc4 7. 0-0 Qxf6 8. Re1+ Be6 9. Bg5 Qg6 10. c3 d3 11. Nbd2 h6 12. Bh4 Be7 13. Bxe7 Nxe7 14. Qa4+ c6 15. Qa3 b6 16. Nd4 Rd8 17. Nxc4 Rxd4 18. cxd4 a5 19. Nd6+ Kd7 20. Ne4 Bd5 21. f3 d2 22. Nxd2 Qf6 23. Qd3 Re8 24. Ne4 Qh4 25. Nc3 b5 26. Rad1 Kc7 27. Nxd5+ cxd5 28. Qxb5 Rc8 29. Rxe7+ Qxe7 30. Rc1+ Kd8 31. Qb6+ Rc7 32. Qb8+ 1-0